|
|
|
|
| LEADER |
00000nab a2200000 a 4500 |
| 001 |
vtls000753586 |
| 003 |
SK-MaSNL |
| 005 |
20260302192350.0 |
| 008 |
160321c2001 xo 0 slo |
| 015 |
|
|
|a SNBRB2001/04-10687
|
| 035 |
|
|
|a CLN000105373
|
| 040 |
|
|
|a SNKBUCL
|b slo
|c SNKBUCL
|e AACR2
|
| 041 |
0 |
|
|a slo
|
| 044 |
|
|
|a xo
|c SK
|
| 080 |
|
|
|a 2-051(420)
|2 UDC-MRF-SK2
|
| 080 |
|
|
|a 262.136.6
|2 UDC-MRF-SK2
|
| 080 |
|
|
|a 929 Newman, John Henry
|2 UDC-MRF-SK2
|
| 100 |
0 |
|
|a M.R.
|4 aut
|9 504893
|
| 245 |
1 |
0 |
|a Dvestoročnica kardinála Newmana
|c [autor] M.R.
|
| 300 |
|
|
|b Obr.
|
| 500 |
|
|
|a Zo Zenitu
|
| 600 |
1 |
7 |
|a Newman, John Henry,
|c blahoslavený,
|d 1801-1890
|2 snkbucl
|9 162539
|
| 655 |
|
7 |
|a články z novín a časopisov
|2 snkbucl
|9 267496
|
| 773 |
0 |
|
|x 0139-8512
|t Katolícke noviny
|g Roč. 116, č. 10 (2001), s. 6
|
| 850 |
|
|
|a Slovenská národná knižnica v Martine
|
| 852 |
|
|
|a SNK
|b KIS3GCP
|
| 958 |
|
|
|a GB
|
| 958 |
|
|
|a BC
|
| 958 |
|
|
|a RBX
|
| 999 |
|
|
|c 1440513
|d 1442443
|